00583nam a22002057a 450000500170000001000130001702000100003003500130004003700160005304000120006908200160008110000210009724500520011826000440017027000490021430000200026349000350028365000320031865000270035020170124105951.0 aA-409675 c00.00 aA-409675 bCen Lib/Ret aDPLbEN a333.79bGUS aGusain, P. P. S. aRenewable energy in India /cby P. P. S. Gusain aNew DelhibVikas Publishing Housec1990 a576 Masjid Road, JangpurabNew Delhie110014 a125p.c22cm(Hb) aSustainable development series aEnergy development -- India aEnergy policy -- India